书目信息 |
| 题名: |
唐诗三百首钢笔字帖
|
|
| 作者: | 李文采 书 | |
| 分册: | ||
| 出版信息: | 杭州 浙江教育出版社 1984 |
|
| 页数: | 161页 | |
| 开本: | 19cm | |
| 丛书名: | ||
| 单 册: | ||
| 中图分类: | J292.12 | |
| 科图分类: | ||
| 主题词: | 钢笔字-法帖--中国 , 法帖-钢笔字--中国 | |
| 电子资源: | ||
| ISBN: | ||
| 000 | 00677nam0 2200253 45 | |
| 001 | 0184004343 | |
| 005 | 20040520100000.5 | |
| 010 | @dCNY1.20 | |
| 091 | @a7346.96 | |
| 100 | @a19950126d1984 em y0chiy0121 ea | |
| 101 | 0 | @achi |
| 102 | @aCN@b330000 | |
| 105 | @ay z 000yy | |
| 106 | @ar | |
| 200 | 10 | @a唐诗三百首钢笔字帖@Atang shi san bai shou gang bi zi tie@f李文采书 |
| 210 | @a杭州@c浙江教育出版社@d1984 | |
| 215 | @a161页@d19cm | |
| 606 | @a钢笔字-法帖@y中国 | |
| 606 | @a法帖-钢笔字@y中国 | |
| 690 | @aJ292.12@v3 | |
| 701 | 0 | @a李文采@Ali wen cai@4书 |
| 801 | 0 | @aCN@b上海图书馆@c20040520 |
| 801 | 2 | @aCN@bNLC@c20040520 |
| 905 | @f1@b153192@dJ292.12@e116 | |
| 唐诗三百首钢笔字帖/李文采书.-杭州:浙江教育出版社,1984 |
| 161页;19cm |
| ISBN :CNY1.20 |
| ● |
| 相关链接 |
|
|
|
|
正题名:唐诗三百首钢笔字帖
索取号:J292.12/116
 
预约/预借
| 序号 | 登录号 | 条形码 | 馆藏地/架位号 | 状态 | 备注 |
| 1 | 0153192 | 000792636 | 第一借阅区/ [索取号:J292.12/116] | 在馆 | |
| 2 | 0153193 | 000792583 | 第一样本阅览室/ [索取号:J292.12/116] | 在馆 |